000 00801cam a2200229 a 4500
001 000014059
005 20200929163445.0
008 920328s1991 cu b 000 0 spa
040 _aDO-SdBNP
_cDLC
043 _anwcu---
082 _a323.47291
_bD295
245 0 3 _aLa Declaración universal de derechos humanos en Cuba /
_cedición, Bárbara Castillo Pedroso.
260 _aLa Habana, Cuba :
_bPolítica,
_c1991.
300 _a217 p. ;
_c17 cm.
504 _aIncluye referencias bibliográficas.
650 4 _aDerechos humanos
_zCuba.
_931853
650 4 _aDerechos civiles
_zCuba
_930073
610 2 0 _aESTADOS UNIDOS.
_bGeneral Assembly.
_tUniversal Declaration of Human Rights.
_931854
700 1 _aCastillo Pedroso, Bárbara.
_eed.
_931855
910 _aCatalogación derivada
049 _aBNGR
999 _c13661
_d13661